Optimalizácia prepravovaných množstiev (dopravné úlohy)

Guardado en:
Detalles Bibliográficos
Autor principal: Brezina, Ivan, 1963-
Formato: Libro
Lenguaje:eslovaco
Publicado: Bratislava Katedra operačného výskumu a ekonometrie FHI EU 2002
Materias:
Etiquetas: Agregar Etiqueta
Sin Etiquetas, Sea el primero en etiquetar este registro!

MARC

LEADER 00000nam$a2200000$$$4500
001 0100700
005 20240502072112.6
041 0 |a slo 
044 |a SK 
245 1 0 |a Optimalizácia prepravovaných množstiev (dopravné úlohy)  |c Ivan Brezina 
264 1 |a Bratislava  |b Katedra operačného výskumu a ekonometrie FHI EU  |c 2002 
610 2 0 |a úlohy dopravné 
610 2 0 |a výskum operačný 
610 2 0 |a metódy matematické 
610 2 0 |a logistika 
100 1 |a Brezina, Ivan, 1963-